[Event "Asia-Oceania Uni"]
[Site "Tornelo INT"]
[Date "2022.12.21"]
[Round "2"]
[White "Nyambileg, Erdene Ochir"]
[Black "Julio, Diaz"]
[Result "0-1"]
[WhiteElo "2038"]
[BlackElo "1792"]
[PlyCount "42"]
[EventDate "2022.12.21"]
[EventType "swiss (rapid)"]
[EventRounds "9"]
[EventCountry "NET"]
[SourceTitle "CBM 211 Extra"]
[Source "ChessBase"]
[SourceDate "2023.01.31"]
[SourceVersion "1"]
[SourceVersionDate "2023.01.31"]
[SourceQuality "1"]

1. d4 Nf6 2. c4 e6 3. Nf3 d5 4. Nc3 Be7 5. Bg5 Nbd7 6. cxd5 exd5 7. e3 c6 8. Bd3 h6 9. Bh4 0-0 10. 0-0 Re8 11. Qc2 Ne4 12. Bxe7 Qxe7 13. Nd2 Ndf6 14. Rae1 Bf5 15. f3 Nxd2 16. Qxd2 Bxd3 17. Qxd3 Rad8 18. e4 dxe4 19. fxe4 Qb4 20. e5 Ng4 21. Rf4 Nxe5 0-1

[Event "Bekasi Scua op 1st"]
[Site "Bekasi"]
[Date "2022.01.14"]
[Round "5"]
[White "Julio, Diaz"]
[Black "Aditya, Ganta Saputra"]
[Result "0-1"]
[WhiteElo "1788"]
[BlackElo "1862"]
[PlyCount "74"]
[EventDate "2022.01.12"]
[EventType "swiss"]
[EventRounds "9"]
[EventCountry "INA"]
[SourceTitle "CBM 206 Extra"]
[Source "ChessBase"]
[SourceDate "2022.03.31"]
[SourceVersion "1"]
[SourceVersionDate "2022.03.31"]
[SourceQuality "1"]

1. d4 Nf6 2. c4 e6 3. Nc3 d5 4. Nf3 c6 5. Bg5 dxc4 6. e4 b5 7. e5 h6 8. Bh4 g5 9. Nxg5 hxg5 10. Bxg5 Nbd7 11. g3 Qb6 12. exf6 Bb7 13. Bg2 0-0-0 14. 0-0 c5 15. d5 Ne5 16. Qe2 Nd3 17. dxe6 Bxg2 18. e7 Bc6 19. exd8Q+ Qxd8 20. Qg4+ Kb7 21. Rad1 Qd4 22. Qf5 Bd6 23. Ne2 Qxb2 24. Nf4 Ne5 25. Nd5 Qe2 26. h4 Nf3+ 27. Kg2 Nd4 28. Rxd4 cxd4 29. Kg1 Re8 30. Ne7 Qf3 31. Qxf3 Bxf3 32. Nf5 Bc5 33. Nh6 d3 34. Nxf7 c3 35. Be3 d2 36. Bxc5 Re1 37. Nd8+ Ka6 0-1